[Event "Solta op 6th"]
[Site "Grohote"]
[Date "2023.07.01"]
[Round "5"]
[White "Markotic, Gordan"]
[Black "Osttveit, Martin"]
[Result "1/2-1/2"]
[WhiteElo "2265"]
[BlackElo "1990"]
[PlyCount "53"]
[EventDate "2023.06.27"]
[EventType "swiss"]
[EventRounds "9"]
[EventCountry "CRO"]
[SourceTitle "EXT 2024"]
[Source "ChessBase"]
[SourceDate "2023.10.10"]
[SourceVersion "1"]
[SourceVersionDate "2023.10.10"]
[SourceQuality "1"]

1. g3 g6 2. Bg2 Bg7 3. Nf3 c5 4. 0-0 Nc6 5. c3 d5 6. d3 e5 7. a3 a5 8. a4 Nge7 9. Na3 0-0 10. e4 d4 11. cxd4 cxd4 12. Nd2 Be6 13. Ndc4 Nc8 14. f4 f6 15. b3 Nb4 16. Nb5 Na7 17. Nxa7 Rxa7 18. Ba3 b6 19. Qd2 Bxc4 20. bxc4 Qd6 21. Rab1 Rb8 22. fxe5 fxe5 23. Bxb4 axb4 24. Qxb4 Qxb4 25. Rxb4 Bf8 26. Rb5 Bc5 27. Rb2 1/2-1/2

[Event "NOR-chTB final"]
[Site "Trondheim"]
[Date "2004.05.20"]
[Round "2.1"]
[White "Leer Salvesen, Bjarte"]
[Black "Osttveit, Martin"]
[Result "1-0"]
[WhiteElo "2341"]
[BlackElo "2068"]
[PlyCount "63"]
[EventDate "2004.05.19"]
[EventType "team"]
[EventRounds "5"]
[EventCountry "NOR"]
[SourceTitle "CBM 100 Extra"]
[Source "ChessBase"]
[SourceDate "2004.07.06"]
[SourceVersion "2"]
[SourceVersionDate "2004.07.06"]
[SourceQuality "1"]
[WhiteTeam "01"]
[BlackTeam "03"]
[WhiteTeamCountry "NOR"]
[BlackTeamCountry "NOR"]

1. c4 Nf6 2. g3 e5 3. Bg2 d5 4. cxd5 Nxd5 5. Nf3 Nc6 6. 0-0 Nb6 7. Nc3 Be7 8. d3 0-0 9. Be3 Bg4 10. Rc1 Re8 11. Ne4 Nd4 12. Bxd4 exd4 13. Qc2 c6 14. h3 Be6 15. Nc5 Bxc5 16. Qxc5 Bxa2 17. Nxd4 Qf6 18. b3 Rad8 19. e3 Rxd4 20. exd4 Bxb3 21. Qa3 Ba4 22. Rfe1 Rd8 23. Rb1 Qxd4 24. Rb4 Qc5 25. Rxa4 Nxa4 26. Qxa4 g6 27. Qb3 b5 28. Qb2 Qd6 29. Qa1 Qd7 30. Re3 c5 31. Qf6 Qd6 32. Re8+ 1-0

[Event "NOR-ch op"]
[Site "Oslo"]
[Date "2004.04.09"]
[Round "7"]
[White "Kolas, Tore"]
[Black "Osttveit, Martin"]
[Result "1-0"]
[WhiteElo "2171"]
[BlackElo "2068"]
[PlyCount "55"]
[EventDate "2004.04.03"]
[EventType "swiss"]
[EventRounds "9"]
[EventCountry "NOR"]
[SourceTitle "CBM 099 Extra"]
[Source "ChessBase"]
[SourceDate "2004.05.04"]
[SourceVersion "1"]
[SourceVersionDate "2004.05.04"]
[SourceQuality "1"]

1. e4 g6 2. d4 Bg7 3. Nc3 d6 4. Be3 Nd7 5. Nf3 Ngf6 6. Qd2 c6 7. Bh6 Bxh6 8. Qxh6 Qa5 9. 0-0-0 b5 10. e5 b4 11. exf6 bxc3 12. fxe7 cxb2+ 13. Kb1 Nf6 14. Bc4 Ne4 15. Qg7 Nc3+ 16. Kxb2 Qb4+ 17. Bb3 Na4+ 18. Kc1 Qa3+ 19. Kd2 Qb4+ 20. Ke3 Kxe7 21. Qxf7+ Kd8 22. Qf6+ Kc7 23. Qxh8 Kb6 24. Bxa4 Qxa4 25. Qd8+ Ka6 26. Rd3 Bb7 27. Qxd6 Re8+ 28. Kf4 1-0

[Event "Rilton Cup 33rd"]
[Site "Stockholm"]
[Date "2003.12.31"]
[Round "5"]
[White "Valenti, Giuseppe"]
[Black "Osttveit, Martin"]
[Result "0-1"]
[WhiteElo "2305"]
[BlackElo "2075"]
[PlyCount "67"]
[EventDate "2003.12.27"]
[EventType "swiss"]
[EventRounds "9"]
[EventCountry "SWE"]
[SourceTitle "CBM 097 Extra"]
[Source "ChessBase"]
[SourceDate "2004.01.13"]
[SourceVersion "1"]
[SourceVersionDate "2004.01.13"]
[SourceQuality "1"]

1. e4 g6 2. d4 Bg7 3. Nc3 c6 4. Be3 d6 5. Qd2 Nf6 6. f3 Qa5 7. Bd3 b5 8. Nge2 Nbd7 9. 0-0 0-0 10. a4 b4 11. Na2 Rb8 12. c3 bxc3 13. Nexc3 c5 14. dxc5 dxc5 15. Bf4 e5 16. Be3 Rd8 17. Bb5 Nf8 18. Qf2 Ne6 19. Bxc5 Nxc5 20. Qxc5 Nd7 21. Qf2 Bf8 22. Kh1 a6 23. Bc4 Qc7 24. b3 Nb6 25. Nd5 Nxd5 26. Bxd5 Qa5 27. Qa7 Be6 28. Bxe6 fxe6 29. Qe3 Qd2 30. Qxd2 Rxd2 31. Rfd1 Rxd1+ 32. Rxd1 Rxb3 33. Nc1 Rb1 34. Re1 0-1

[Event "Rilton Cup 33rd"]
[Site "Stockholm"]
[Date "2003.12.27"]
[Round "1"]
[White "Osttveit, Martin"]
[Black "Friberg, Hans"]
[Result "1-0"]
[WhiteElo "2075"]
[BlackElo "2243"]
[PlyCount "73"]
[EventDate "2003.12.27"]
[EventType "swiss"]
[EventRounds "9"]
[EventCountry "SWE"]
[SourceTitle "CBM 097 Extra"]
[Source "ChessBase"]
[SourceDate "2004.01.13"]
[SourceVersion "1"]
[SourceVersionDate "2004.01.13"]
[SourceQuality "1"]

1. e4 e6 2. d3 d5 3. Nd2 g6 4. g3 Bg7 5. Bg2 Ne7 6. Ngf3 c5 7. 0-0 Nbc6 8. Re1 0-0 9. h4 b5 10. Qe2 a5 11. Nf1 dxe4 12. dxe4 Ba6 13. Rd1 Qb6 14. e5 Rad8 15. Bf4 Rxd1 16. Rxd1 Nd5 17. h5 Nxf4 18. gxf4 Rd8 19. hxg6 hxg6 20. c3 Rxd1 21. Qxd1 Qd8 22. Qe2 Ne7 23. a4 Qb6 24. axb5 Bxb5 25. Qd2 Bc6 26. Ne3 Nd5 27. Ng4 a4 28. c4 Nb4 29. Ng5 Qc7 30. Qe3 Bxg2 31. Kxg2 Nc2 32. Qh3 Qb7+ 33. Kg1 Nd4 34. Qh7+ Kf8 35. Nf6 Nf3+ 36. Nxf3 Qxf3 37. Qg8+ 1-0

[Event "Wch U20"]
[Site "Nakhchivan"]
[Date "2003.07.03"]
[Round "13"]
[White "Osttveit, Martin"]
[Black "Gupta, Abhijeet"]
[Result "0-1"]
[WhiteElo "2084"]
[BlackElo "2335"]
[PlyCount "50"]
[EventDate "2003.06.22"]
[EventType "swiss"]
[EventRounds "13"]
[EventCountry "AZE"]
[SourceTitle "EXT 2004"]
[Source "ChessBase"]
[SourceDate "2003.11.25"]
[SourceVersion "1"]
[SourceVersionDate "2003.11.25"]
[SourceQuality "1"]

1. c4 e5 2. Nc3 Nf6 3. g3 Bb4 4. Bg2 Bxc3 5. bxc3 0-0 6. e4 d6 7. d3 Nc6 8. Nf3 Bd7 9. 0-0 Qc8 10. Bg5 Ne8 11. Be3 Bh3 12. c5 Bxg2 13. Kxg2 Kh8 14. h3 f5 15. exf5 Qxf5 16. cxd6 Nxd6 17. Nh4 Qe6 18. Kh2 Rad8 19. Qe2 Nf5 20. Nxf5 Rxf5 21. Rab1 b6 22. Rbd1 Rdf8 23. Qd2 Rh5 24. h4 Rxh4+ 25. gxh4 Rf3 0-1

[Event "Wch U20"]
[Site "Nakhchivan"]
[Date "2003.06.28"]
[Round "8"]
[White "Agaragimov, Djahangir"]
[Black "Osttveit, Martin"]
[Result "1/2-1/2"]
[WhiteElo "2252"]
[BlackElo "2084"]
[PlyCount "51"]
[EventDate "2003.06.22"]
[EventType "swiss"]
[EventRounds "13"]
[EventCountry "AZE"]
[SourceTitle "EXT 2004"]
[Source "ChessBase"]
[SourceDate "2003.11.25"]
[SourceVersion "1"]
[SourceVersionDate "2003.11.25"]
[SourceQuality "1"]

1. d4 g6 2. c4 Bg7 3. Nc3 Nf6 4. e4 d6 5. Nf3 0-0 6. Be2 e5 7. 0-0 Na6 8. Re1 Qe8 9. Bf1 Bg4 10. d5 Nb4 11. Be2 a5 12. h3 Bxf3 13. Bxf3 h6 14. Be3 Nh7 15. a3 Na6 16. Qd2 Nc5 17. Bd1 h5 18. b3 f5 19. Bh6 f4 20. Bxg7 Kxg7 21. Rb1 g5 22. b4 axb4 23. axb4 Na6 24. Be2 Qg6 25. f3 Nf6 26. Qd1 1/2-1/2

[Event "Wch U20"]
[Site "Nakhchivan"]
[Date "2003.06.23"]
[Round "2"]
[White "Osttveit, Martin"]
[Black "Olsson, Linus"]
[Result "0-1"]
[WhiteElo "2084"]
[BlackElo "2252"]
[PlyCount "72"]
[EventDate "2003.06.22"]
[EventType "swiss"]
[EventRounds "13"]
[EventCountry "AZE"]
[SourceTitle "EXT 2004"]
[Source "ChessBase"]
[SourceDate "2003.11.25"]
[SourceVersion "1"]
[SourceVersionDate "2003.11.25"]
[SourceQuality "1"]

1. d4 Nf6 2. Bf4 b6 3. e3 Bb7 4. Nf3 e6 5. Nbd2 c5 6. Bd3 cxd4 7. exd4 Be7 8. 0-0 0-0 9. Re1 d6 10. c4 Nbd7 11. Rc1 Rc8 12. Bb1 Re8 13. h3 a6 14. a3 b5 15. Qb3 Qb6 16. Qd3 Bxf3 17. gxf3 Nf8 18. Be3 bxc4 19. Nxc4 Qb5 20. b4 Ng6 21. f4 Qh5 22. Qf1 Nd5 23. Bxg6 hxg6 24. Bd2 Qh4 25. Na5 Rxc1 26. Rxc1 Nxf4 27. Bxf4 Qxf4 28. Rc7 Bf6 29. Qxa6 Bxd4 30. Qe2 Qg3+ 31. Kf1 Qxh3+ 32. Ke1 Qxa3 33. Nc6 Qc1+ 34. Qd1 Bxf2+ 35. Ke2 Qe3+ 36. Kf1 Bh4 0-1

[Event "NOR-ch"]
[Site "Roros"]
[Date "2002.07.11"]
[Round "7"]
[White "Ostmoe, Geir S Tallaksen"]
[Black "Osttveit, Martin"]
[Result "1-0"]
[WhiteElo "2265"]
[BlackElo "2111"]
[PlyCount "35"]
[EventDate "2002.07.06"]
[EventType "swiss"]
[EventRounds "9"]
[EventCountry "NOR"]
[SourceTitle "CBM 089 Extra"]
[Source "ChessBase"]
[SourceDate "2002.09.10"]
[SourceVersion "2"]
[SourceVersionDate "2002.09.10"]
[SourceQuality "1"]

1. d4 d6 2. e4 Nf6 3. Nc3 c6 4. f4 Qa5 5. e5 dxe5 6. fxe5 Bg4 7. Be2 Bxe2 8. Ngxe2 Nd5 9. 0-0 e6 10. Ne4 Be7 11. N2g3 c5 12. Nh5 0-0 13. Qg4 g6 14. Bh6 Rd8 15. Qf3 f5 16. exf6 Bf8 17. f7+ Kh8 18. Bg7+ 1-0

[Event "NOR-ch"]
[Site "Roros"]
[Date "2002.07.07"]
[Round "2"]
[White "Tjomsland, Stig"]
[Black "Osttveit, Martin"]
[Result "1-0"]
[WhiteElo "2243"]
[BlackElo "2111"]
[PlyCount "63"]
[EventDate "2002.07.06"]
[EventType "swiss"]
[EventRounds "9"]
[EventCountry "NOR"]
[SourceTitle "CBM 089 Extra"]
[Source "ChessBase"]
[SourceDate "2002.09.10"]
[SourceVersion "2"]
[SourceVersionDate "2002.09.10"]
[SourceQuality "1"]

1. d4 d6 2. Nf3 Nd7 3. e4 Ngf6 4. Bd3 e5 5. c3 c6 6. 0-0 Be7 7. Re1 Qc7 8. a4 h6 9. Nbd2 Nf8 10. Nc4 Ng6 11. Ne3 Nf4 12. Bc2 Be6 13. Nf5 Bf8 14. Bxf4 exf4 15. d5 Bxf5 16. exf5+ Be7 17. dxc6 bxc6 18. Qe2 Kf8 19. Nd4 Nd5 20. Nxc6 Qxc6 21. Be4 Bf6 22. Qd3 Rb8 23. Bxd5 Qc7 24. Rab1 Kg8 25. b4 Kh7 26. c4 Rhe8 27. b5 Qa5 28. Red1 Re7 29. Bc6 Qb6 30. Qxd6 Re2 31. c5 Qa5 32. Qxb8 1-0

[Event "NOR-chT qualifier"]
[Site "Norway"]
[Date "2002.??.??"]
[Round "4"]
[White "Osttveit, Martin"]
[Black "Gulbrandsen, Tor"]
[Result "1-0"]
[WhiteElo "2121"]
[BlackElo "2293"]
[PlyCount "69"]
[EventDate "2001.11.??"]
[EventType "team"]
[EventRounds "9"]
[EventCountry "NOR"]
[SourceTitle "EXT 2003"]
[Source "ChessBase"]
[SourceDate "2002.11.25"]
[SourceVersion "1"]
[SourceVersionDate "2002.11.25"]
[SourceQuality "1"]

1. c4 e6 2. Nf3 b6 3. g3 Bb7 4. Bg2 Nf6 5. 0-0 Be7 6. Nc3 0-0 7. d4 d5 8. Ne5 Nbd7 9. Qc2 c5 10. e3 Rc8 11. Rd1 Qc7 12. Nb5 Qb8 13. Nxd7 Nxd7 14. dxc5 Rxc5 15. b3 Bf6 16. Rb1 Rfc8 17. Qe2 a6 18. Na3 Qc7 19. b4 Rc6 20. cxd5 exd5 21. Bxd5 Rd6 22. e4 Bxd5 23. exd5 Qb7 24. Bf4 Rxd5 25. Rxd5 Qxd5 26. Rd1 Qb7 27. Nc4 Qc6 28. Nd6 Rd8 29. Nf5 Qe6 30. Qg4 g6 31. Ne3 Qe7 32. Bc7 h5 33. Bxd8 hxg4 34. Bxe7 Bxe7 35. Rxd7 1-0

[Event "Hallsberg op U18 37th"]
[Site "Hallsberg"]
[Date "2002.??.??"]
[Round "3"]
[White "Semcesen, Daniel"]
[Black "Osttveit, Martin"]
[Result "1/2-1/2"]
[WhiteElo "2097"]
[BlackElo "2121"]
[PlyCount "133"]
[EventDate "2001.??.??"]
[EventType "swiss"]
[EventRounds "9"]
[EventCountry "SWE"]
[SourceTitle "EXT 2003"]
[Source "ChessBase"]
[SourceDate "2002.11.25"]
[SourceVersion "1"]
[SourceVersionDate "2002.11.25"]
[SourceQuality "1"]

1. e4 d5 2. exd5 Qxd5 3. Nc3 Qa5 4. d4 Nf6 5. Nf3 Nc6 6. Be2 Bg4 7. 0-0 0-0-0 8. Bf4 Bxf3 9. Bxf3 Nxd4 10. b4 Qf5 11. Be3 Nxf3+ 12. Qxf3 Qxf3 13. gxf3 e6 14. Rab1 Be7 15. a4 Nd5 16. Nxd5 Rxd5 17. a5 Kb8 18. c4 Rd3 19. c5 Rc3 20. Rfd1 Kc8 21. Kf1 Bf6 22. Ke2 Rd8 23. Rxd8+ Kxd8 24. b5 Ra3 25. Bd2 Bc3 26. a6 bxa6 27. Bxc3 Rxc3 28. bxa6 Rxc5 29. Rb8+ Kd7 30. Ra8 Rb5 31. Rf8 f6 32. Rf7+ Kd6 33. Rxg7 Ra5 34. Rxh7 Rxa6 35. h4 Ra4 36. h5 a5 37. h6 Rh4 38. Rh8 f5 39. h7 Ke5 40. Ke3 Rh3 41. Ra8 Rxh7 42. Rxa5+ Kd6 43. f4 c5 44. f3 Rb7 45. Ra3 Rb6 46. Kd3 Kd5 47. Ra8 Kc6 48. Re8 Kb5 49. Kc3 Rd6 50. Re7 Rd4 51. Rxe6 Rxf4 52. Re3 Ra4 53. Kb2 Rf4 54. Kc2 Kb4 55. Rb3+ Ka4 56. Re3 Kb4 57. Rb3+ Kc4 58. Ra3 Rd4 59. Ra8 Kd5 60. Re8 Ra4 61. Kd2 Ra3 62. f4 Kd4 63. Re5 c4 64. Rxf5 Ra2+ 65. Kd1 Kc3 66. Rc5 Rf2 67. f5 1/2-1/2

[Event "NOR-chB"]
[Site "Kristiansund"]
[Date "2001.07.11"]
[Round "5"]
[White "Mellem, Nicolas Axel"]
[Black "Osttveit, Martin"]
[Result "0-1"]
[WhiteElo "2123"]
[BlackElo "2096"]
[PlyCount "70"]
[EventDate "2001.07.??"]
[EventType "swiss"]
[EventRounds "9"]
[EventCountry "NOR"]
[SourceTitle "EXT 2005"]
[Source "ChessBase"]
[SourceDate "2004.11.15"]
[SourceVersion "1"]
[SourceVersionDate "2004.11.15"]
[SourceQuality "1"]

1. d4 g6 2. c4 Bg7 3. Nc3 d6 4. e4 Nd7 5. Nf3 e5 6. d5 Ne7 7. h3 0-0 8. g4 a5 9. Bg5 f6 10. Bh4 Nc5 11. Qc2 c6 12. 0-0-0 cxd5 13. cxd5 Bd7 14. Kb1 Qb8 15. Bb5 Nc8 16. Bxd7 Nxd7 17. Nb5 Na7 18. Nxa7 Rxa7 19. Rc1 b5 20. g5 f5 21. exf5 Rxf5 22. Nd2 Nc5 23. f3 Rc7 24. Ne4 Rf4 25. Be1 Ne6 26. Qd1 Nd4 27. Bxa5 Rxc1+ 28. Qxc1 Nxf3 29. Bc7 Qb7 30. Qc6 Qxc6 31. dxc6 Rxe4 32. Bxd6 Rc4 33. c7 Nd2+ 34. Ka1 Ne4 35. b3 Rc6 0-1

[Event "NOR-chT 0001"]
[Site "Norway"]
[Date "2001.??.??"]
[Round "4"]
[White "Lie, Espen"]
[Black "Osttveit, Martin"]
[Result "1-0"]
[WhiteElo "2127"]
[BlackElo "2096"]
[PlyCount "57"]
[EventDate "2000.??.??"]
[EventType "team"]
[EventRounds "5"]
[EventCountry "NOR"]
[SourceTitle "EXT 2002"]
[Source "ChessBase"]
[SourceDate "2001.11.25"]
[SourceVersion "1"]
[SourceVersionDate "2001.11.25"]
[SourceQuality "1"]

1. e4 g6 2. d4 Bg7 3. Nc3 c6 4. Be3 d6 5. Bc4 Nf6 6. f3 d5 7. Bb3 dxe4 8. fxe4 Ng4 9. Qf3 0-0 10. Nge2 Nxe3 11. Qxe3 Nd7 12. e5 e6 13. Ne4 c5 14. c3 cxd4 15. cxd4 Nb6 16. 0-0 Nd5 17. Bxd5 exd5 18. Nf6+ Kh8 19. Qf3 Bxf6 20. exf6 Re8 21. Nc3 Bf5 22. Qf4 Re6 23. Rae1 Qxf6 24. Nxd5 g5 25. Qd2 Qg6 26. Ne7 Rxe7 27. Rxe7 Rc8 28. Qe3 Bd3 29. Rfxf7 1-0

[Event "Nordic Cup-chT U18"]
[Site "Gausdal"]
[Date "2001.??.??"]
[Round "2"]
[White "Osttveit, Martin"]
[Black "Topi Hulmi, Teemu"]
[Result "1/2-1/2"]
[WhiteElo "2096"]
[BlackElo "2106"]
[PlyCount "86"]
[EventDate "2001.??.??"]
[EventType "team"]
[EventRounds "3"]
[EventCountry "NOR"]
[SourceTitle "EXT 2003"]
[Source "ChessBase"]
[SourceDate "2002.11.25"]
[SourceVersion "1"]
[SourceVersionDate "2002.11.25"]
[SourceQuality "1"]

1. e4 c5 2. Nc3 Nc6 3. f4 g6 4. Nf3 Bg7 5. Bb5 Nd4 6. Bd3 d6 7. Nxd4 cxd4 8. Ne2 Nf6 9. c3 dxc3 10. dxc3 0-0 11. h3 b6 12. Nd4 Bb7 13. Qe2 e5 14. fxe5 Nh5 15. Rg1 Bxe5 16. Nf5 gxf5 17. Qxh5 fxe4 18. Bc4 Qc7 19. Bb3 Qc5 20. Qg5+ Bg7 21. Rf1 Rae8 22. Qxc5 bxc5 23. Bf4 Rd8 24. Bg5 Rd7 25. Ba4 Rc7 26. Bf4 Be5 27. Bxe5 dxe5 28. Bb3 Kg7 29. Rf5 f6 30. 0-0-0 Bc8 31. Rf2 f5 32. Re1 Bb7 33. Bc2 h5 34. g4 hxg4 35. hxg4 f4 36. Bxe4 Bxe4 37. Rxe4 Kf6 38. Rh2 Re8 39. Rh5 Rce7 40. Kd2 Kg6 41. Ke2 Re6 42. Kf3 R8e7 43. Rf5 Re8 1/2-1/2